Virgil's Aeneid - Statistics

General Stats
  • This quiz has been taken 63 times
  • The average score is 12 of 19
Answer Stats
Hint Answer % Correct
Main Guy Aeneas
100%
The War He Survived Trojan
100%
Queen He Accidentally Marries Dido
94%
The Goddess Who Hates Him Juno
92%
His Mother (goddess) Venus
92%
King Of The Gods, Neutral In Battle Jupiter
85%
City in Prophecy Causing Her Hatred Carthage
83%
His Son Ascanius Iulus
77%
His Father Anchises
62%
Where Does He Learn of His Lineage? Underworld
60%
The Princess' Suitor (Main Guy's Opp) Turnus
58%
Princess of Latium Lavinia
56%
Main Guy's Shield Created By This God Vulcan
52%
King Of Latium Latinus
48%
His Wife Who Dies Creusa
38%
Son Of Arcadian King, Wore a Belt, Killed by Suitor Pallas
35%
Arcadian King (Allied with Main Guy) Evander
33%
Fury Sent By Goddess to Drive Away Trojans Allecto
31%
Who Tells Him How To Get There? Sybil
13%
No matching quizzes found
Score Distribution
Percent of People with Each Score
Percentile by Number Answered
Your Score History
You have not taken this quiz